| 000 | 00644nam a22002177a 4500 | ||
|---|---|---|---|
| 001 | 19749 | ||
| 003 | BD-RjUL | ||
| 005 | 20211209000455.0 | ||
| 008 | 140225s1979 ii ||||| b||| 001 0 eng d | ||
| 035 | _a(BD-RjUL)19810 | ||
| 040 |
_aBD-RjUL _beng _cBD-RjUL |
||
| 041 | _aeng | ||
| 082 | 0 | 4 |
_a331.0954 _bDWH 1979 |
| 100 | 1 |
_aDwivedi, R S _960683 |
|
| 245 | 1 |
_aHuman relations and organisational behaviour / _cR S Dwivedi |
|
| 260 |
_aNew Delhi : _bOford And IBH, _cc1979. |
||
| 300 |
_axvi, 380 p. ; _c21 cm. |
||
| 504 | _aIncludes bibliographical references and index. | ||
| 650 |
_aIndustrial relations -- India. _98659 |
||
| 942 |
_2ddc _cBK |
||
| 999 |
_c19749 _d19749 |
||